[Event "ch-CHN 2013"]
[Site "Xinghua CHN"]
[Date "2013.04.27"]
[Round "11.1"]
[White "Zhou, Weiqi"]
[Black "Hou, Yifan"]
[Result "1-0"]
[WhiteTitle "GM"]
[BlackTitle "GM"]
[WhiteElo "2590"]
[BlackElo "2617"]
[WhiteFideId "8601674"]
[BlackFideId "8602980"]
[EventDate "2013.04.16"]

1. Nf3 Nf6 2. g3 d5 3. Bg2 e6 4. O-O Be7 5. d3 O-O 6. Nbd2 c5 7. e4 Nc6 8. Re1
b5 9. e5 Nd7 10. Nf1 a5 11. h4 b4 12. N1h2 Ba6 13. Ng4 Rc8 14. h5 a4 15. h6 g6
16. a3 Bb5 17. Bf4 Nd4 18. Qd2 Nxf3+ 19. Bxf3 g5 20. Be3 d4 21. Bxd4 cxd4 22.
axb4 Nb6 23. Rac1 Kh8 24. Red1 Nd5 25. c4 dxc3 26. bxc3 Bc6 27. b5 Ba8 28. c4 f5
29. exf6 Nxf6 30. Ne5 Bxf3 31. Nxf3 Ng4 32. Qe2 Nxf2 33. Qxf2 g4 34. Qb2+ Bf6
35. Ne5 a3 36. Qc3 Qb6+ 37. Kg2 Qb7+ 38. Kh2 Qb8 39. Re1 Rc5 40. d4 Bxe5 41.
dxe5 a2 42. Rf1 Kg8 43. Qd4 Rc7 44. b6 Re7 45. c5 Rd8 46. Qxg4+ Kh8 47. Qg5 Rde8
48. Qf6+ Kg8 49. Rc4 1-0

[Event "ch-CHN 2013"]
[Site "Xinghua CHN"]
[Date "2013.04.27"]
[Round "11.2"]
[White "Yu, Yangyi"]
[Black "Li, Shilong"]
[Result "1-0"]
[WhiteTitle "GM"]
[BlackTitle "GM"]
[WhiteElo "2675"]
[BlackElo "2558"]
[WhiteFideId "8603820"]
[BlackFideId "8600678"]
[EventDate "2013.04.16"]

1. e4 c5 2. Nf3 Nc6 3. d4 cxd4 4. Nxd4 g6 5. Nc3 Bg7 6. Be3 Nf6 7. Bc4 O-O 8.
Bb3 d6 9. h3 Na5 10. O-O b6 11. Re1 Bb7 12. Bg5 Nxb3 13. axb3 h6 14. Bh4 a6 15.
Nd5 Re8 16. c4 e6 17. Nxf6+ Bxf6 18. Bxf6 Qxf6 19. Qd2 d5 20. e5 Qg5 21. Qxg5
hxg5 22. Nc2 Rec8 23. Ne3 a5 24. Rad1 Rc5 25. Rd4 Kg7 26. b4 axb4 27. cxd5 Bxd5
28. Rxb4 b5 29. Rg4 Bb3 30. Rxg5 Ra2 31. Re2 Rc1+ 32. Kh2 Bc4 33. Rd2 Rb1 34.
Ng4 Rbxb2 35. Rd7 Rd2 36. Rb7 Ra8 37. h4 Rf8 38. Kg3 Rd3+ 39. f3 Rd2 40. Nf2 Bf1
41. Rg4 Rfd8 42. h5 R8d7 43. Rb8 Rd8 44. Rb6 R8d4 45. Rg5 Kh6 46. hxg6 fxg6 47.
Rg4 Rxg4+ 48. Nxg4+ Kg7 49. Ne3 Bc4 50. f4 Rd7 51. Kg4 Kf7 52. Kg5 Be2 53. Nc2
Bf1 54. g4 Bd3 55. Nb4 Bc4 56. Na6 Re7 57. Nc5 Bd5 58. Rxb5 Rc7 59. Ra5 Bf3 60.
Nb3 Rd7 61. Rc5 Be4 62. Na5 Bd5 63. Nc4 Bxc4 64. Rxc4 Kg7 65. Rc6 Re7 66. Ra6
Kf7 67. Kh6 Rb7 68. Ra4 Rc7 69. Rb4 Ra7 70. Rb8 Rc7 71. Rh8 Rc4 72. Rh7+ Kg8 73.
Rg7+ Kf8 74. Rxg6 Rxf4 75. Rf6+ Rxf6+ 76. exf6 e5 77. g5 1-0

[Event "ch-CHN 2013"]
[Site "Xinghua CHN"]
[Date "2013.04.27"]
[Round "11.3"]
[White "Zhao, Jun"]
[Black "Wang, Yue"]
[Result "1-0"]
[WhiteTitle "GM"]
[BlackTitle "GM"]
[WhiteElo "2589"]
[BlackElo "2706"]
[WhiteFideId "8602522"]
[BlackFideId "8601429"]
[EventDate "2013.04.16"]

1. e4 e6 2. d4 d5 3. Nd2 dxe4 4. Nxe4 Bd7 5. Nf3 Bc6 6. Bd3 Nd7 7. O-O Ngf6 8.
Ng3 Be7 9. Re1 O-O 10. c3 Re8 11. Bc2 Bf8 12. Bg5 h6 13. Bf4 Bd5 14. Ne5 c5 15.
Qd3 Nxe5 16. dxe5 c4 17. Qe2 Nh7 18. Qg4 Kh8 19. Nh5 g6 20. Re3 gxh5 21. Qxh5
Re7 22. Rg3 Rd7 23. Bxh7 1-0

[Event "ch-CHN 2013"]
[Site "Xinghua CHN"]
[Date "2013.04.27"]
[Round "11.5"]
[White "Zhou, Jianchao"]
[Black "Xiu, Deshun"]
[Result "1-0"]
[WhiteTitle "GM"]
[BlackTitle "GM"]
[WhiteElo "2607"]
[BlackElo "2534"]
[WhiteFideId "8603537"]
[BlackFideId "8603693"]
[EventDate "2013.04.16"]

1. Nf3 Nf6 2. c4 e6 3. g3 d5 4. Bg2 Be7 5. O-O O-O 6. b3 c5 7. cxd5 exd5 8. d4
Nc6 9. Nc3 Ne4 10. Bb2 Bf6 11. Na4 Re8 12. Rc1 cxd4 13. Nxd4 Ne5 14. Nb5 Nc6 15.
Nd4 Bd7 16. e3 Rc8 17. Ne2 Bxb2 18. Nxb2 Qa5 19. a4 Bf5 20. Nd3 Nd2 21. Rc5 Qa6
22. Qxd2 Bxd3 23. Re1 Bxe2 24. Qxe2 Qb6 25. Rxd5 Qxb3 26. Qb5 Qxb5 27. axb5 Nb8
28. Ra1 a6 29. bxa6 bxa6 30. Rd6 Re6 31. Rxe6 fxe6 32. h4 Rc5 33. Be4 h6 34. Rb1
Nd7 35. Rb7 Rc1+ 36. Kg2 Nc5 37. Rc7 g5 38. Bg6 gxh4 39. gxh4 Kf8 40. Rf7+ Kg8
41. Ra7 Kf8 42. f4 Ra1 43. Rf7+ Kg8 44. Rc7 Ra5 45. Kf3 Rb5 46. Kg4 a5 47. Be8
Rb8 48. Rxc5 Rxe8 49. Rxa5 Kf7 50. Kh5 Kf6 51. e4 Rb8 52. Ra7 e5 53. Ra6+ Kf7
54. fxe5 Rb5 55. Rf6+ Kg7 56. Rg6+ Kf7 57. Kxh6 Rxe5 58. Rg4 Re8 59. Rf4+ Kg8
60. Kg6 Re6+ 61. Kf5 Kf7 62. h5 Ra6 63. Rh4 Ra5+ 64. e5 Ra1 65. e6+ Ke7 66. h6
Rf1+ 67. Kg5 Rg1+ 68. Rg4 Rh1 69. Kg6 Kxe6 70. h7 1-0

[Event "ch-CHN 2013"]
[Site "Xinghua CHN"]
[Date "2013.04.27"]
[Round "11.6"]
[White "Bu, Xiangzhi"]
[Black "Li, Chao b"]
[Result "1/2-1/2"]
[WhiteTitle "GM"]
[BlackTitle "GM"]
[WhiteElo "2662"]
[BlackElo "2686"]
[WhiteFideId "8601445"]
[BlackFideId "8604436"]
[EventDate "2013.04.16"]

1. Nf3 Nf6 2. c4 g6 3. Nc3 d5 4. cxd5 Nxd5 5. Qb3 Nb6 6. d4 Bg7 7. Bf4 Be6 8.
Qa3 Nc6 9. e3 a5 10. Bb5 O-O 11. Bxc6 bxc6 12. Qc5 Nd5 13. Be5 Nxc3 14. Qxc3 Bd5
15. Bxg7 Kxg7 16. O-O Bxf3 17. gxf3 Qd5 18. e4 Qg5+ 19. Kh1 Qf6 20. Rac1 Rfd8
21. Rfd1 Rab8 22. b3 Rb4 23. d5 cxd5 24. Qxf6+ Kxf6 25. Rxd5 Rxd5 26. exd5 a4
27. bxa4 Rxa4 28. Rc6+ Ke5 29. Rxc7 Kd6 30. Rc2 Kxd5 31. Kg2 Ke5 32. h3 h5 33.
Re2+ Kf6 34. Rc2 e5 35. Rb2 Kf5 36. Kg3 h4+ 37. Kg2 Kf4 38. Rc2 f5 39. Rb2 g5
40. Rc2 Ra3 41. Rc4+ e4 42. fxe4 fxe4 43. Rc8 Rxa2 44. Rf8+ Ke5 45. Re8+ Kf5 46.
Rf8+ Kg6 47. Rg8+ Kf6 48. Rf8+ Kg7 49. Re8 Ra4 50. Re5 Kf6 51. Re8 Rb4 52. f3
Rb2+ 53. Kg1 Rb1+ 54. Kf2 Rb2+ 55. Kg1 exf3 56. Rf8+ Ke5 57. Rxf3 Ke4 58. Ra3
Rd2 59. Ra4+ Kf3 60. Rg4 Rd5 61. Kh2 Re5 62. Kg1 Rf5 63. Kh2 Kf2 64. Kh1 Rf3 65.
Rg2+ 1/2-1/2